La nueva deuda externa explicada a todos /
Guardado en:
| Autor Principal: | |
|---|---|
| Otros Autores: | |
| Formato: | Libro |
| Publicado: |
Buenos Aires :
Catálogos,
2006
|
| Materias: | |
| Etiquetas: |
Agregar Etiqueta
Sin Etiquetas, Sea el primero en etiquetar este registro!
|
| LEADER | 00966nam a22002175a 4500 | ||
|---|---|---|---|
| 001 | CEM.cems014793 | ||
| 005 | 20170623181001.0 | ||
| 008 | 130507s2006##################000#0#####d | ||
| 003 | CEMS | ||
| 020 | |a 9508952121 | ||
| 082 | 0 | 4 | |a 330.982 |
| 100 | 1 | |a Calcagno, Alfredo Eric | |
| 245 | 1 | 0 | |a La nueva deuda externa explicada a todos / |c Alfredo Eric Calcagno y Eric Calcagno |
| 260 | |a Buenos Aires : |b Catálogos, |c 2006 | ||
| 300 | |a 160 p. | ||
| 505 | 0 | |a Qué es y qué no es la deuda externa -- Las etapas de la deuda externa -- El monto de la deuda -- Utilización de los recursos provenientes de la deuda -- Vicios jurídicos -- La situación internacional -- Algunas experiencias históricas -- Posibles desenlaces -- Tótem y tabú: muerte y resurrección -- Las enseñanzas y el futuro | |
| 653 | |a Economía | ||
| 653 | |a Deuda externa | ||
| 653 | |a Economía argentina | ||
| 700 | 1 | |a Calcagno, Eric | |
| 859 | |a CEMS |b BIB. CEMS - 11 de abril |h 330.982 |i C126 |p 27375.17 |t Ej.1 | ||
